| 000 | 00640nam a22002177a 4500 | ||
|---|---|---|---|
| 003 | BPGM | ||
| 008 | 260617s mx ab||gr|||| 0|| | SPA|| | ||
| 020 | _aSIN ISBN | ||
| 040 | _bspa | ||
| 041 |
_aSPA _hSPA |
||
| 082 | 0 | 4 |
_2SEGUNDA EDICIÓN _aCQ / 263.925 / R62 _bR62 |
| 100 | _aROA TORRES, RAFAEL | ||
| 245 |
_aVACACIONANDO POR QUERÉTARO _bEN SEMANA SANTA |
||
| 260 |
_aQUERÉTARO, MÉXICO _bQUERÉTARO _c1994 |
||
| 300 |
_a87 PÁGINAS; _c22.8 CM X 17 CM |
||
| 336 |
_2rdacontent _atexto _btxt |
||
| 337 |
_2rdamedia _asin mediación _bn |
||
| 338 |
_2rdacarrier _avolumen _bnc |
||
| 650 |
_aTURISMO _v263 _x200 _y60 _z3 |
||
| 942 |
_2ddc _cCOLQ |
||
| 999 |
_c68618 _d68618 |
||